| 000 | 00793nam a2200205 a 4500 | ||
|---|---|---|---|
| 001 | 000041636 | ||
| 005 | 20201002035659.0 | ||
| 008 | 131014s1995 sp ab 000 0 spa d | ||
| 020 | _a8400075609 | ||
| 040 |
_aDO-SdBNP _bspa _cBNPHU |
||
| 082 |
_axxx _bU26v |
||
| 100 | 1 |
_aVita, Juan-Pablo _967852 |
|
| 245 | 1 | 2 |
_aEl Ejército de Ugarit / _cJuan-Pablo Vita. |
| 260 |
_aMadrid : _bConsejo Superior de Investigaciones Científicas, _c1995. |
||
| 300 |
_axiii, 237 p. : _bil., maps ; _c24 cm. |
||
| 490 | 1 |
_aBanco de datos filológicos semíticos noroccidentales _amonografiías _v1 |
|
| 500 | _aIncluye referencias bibliográficas y notas al pie de las páginas. | ||
| 504 | _aBibliografía: p. 201-205 | ||
| 830 | 0 |
_aBanco de datos filológicos semíticos noroccidentales _pmonografías _n1 _968424 |
|
| 999 |
_c41126 _d41126 |
||